000 00573nam a2200217 u 4500
005 20240910064218.0
008 080526s2005 r 000 0 eng d
020 _a9707700866
035 _aUPN01000156280
049 _aC
050 4 _aGN281
_bH8.5
245 0 0 _aHumano /
_ced. Robert Winston.
260 _aMéxico :
_bAltea
_c2005.
300 _a512 p. :
_bil. col.
650 4 _aEVOLUCION HUMANA
_96969
650 4 _aBIOLOGIA HUMANA
_94938
650 0 _aSeres humanos
_94459
650 2 _aAntropologĂ­a
_94499
700 1 _aWinston, Robert,
_eed.
905 _aLibro
999 _c128394
_d128394